<?xml version="1.0" encoding="UTF-8"?>
<record
    xmlns:xsi="http://www.w3.org/2001/XMLSchema-instance"
    xsi:schemaLocation="http://www.loc.gov/MARC21/slim http://www.loc.gov/standards/marcxml/schema/MARC21slim.xsd"
    xmlns="http://www.loc.gov/MARC21/slim">

  <leader>01669nam a22001937a 4500</leader>
  <controlfield tag="003">OSt</controlfield>
  <controlfield tag="005">20190116091159.0</controlfield>
  <controlfield tag="008">180306b        xxu||||| |||| 00| 0 spa d</controlfield>
  <datafield tag="040" ind1=" " ind2=" ">
    <subfield code="c">PJ</subfield>
  </datafield>
  <datafield tag="100" ind1=" " ind2=" ">
    <subfield code="a">Linares, Juan Francisco</subfield>
    <subfield code="9">13</subfield>
  </datafield>
  <datafield tag="245" ind1="1" ind2="0">
    <subfield code="a">Poder discrecional administrativo : </subfield>
    <subfield code="b">(arbitrio administrativo) / </subfield>
    <subfield code="c">Juan Francisco Linares.</subfield>
  </datafield>
  <datafield tag="260" ind1=" " ind2=" ">
    <subfield code="a">Buenos Aires :</subfield>
    <subfield code="b">Abeledo-Perrot, </subfield>
    <subfield code="c">1958.</subfield>
  </datafield>
  <datafield tag="300" ind1=" " ind2=" ">
    <subfield code="a">302 p. </subfield>
    <subfield code="c">20 cm.</subfield>
  </datafield>
  <datafield tag="504" ind1=" " ind2=" ">
    <subfield code="a">Bibliograf&#xED;a: p. 285- 292.</subfield>
  </datafield>
  <datafield tag="505" ind1=" " ind2=" ">
    <subfield code="a">Contenido:
Arbitrio ordinario y extraordinario -- Arbitrio ordinario, extraordinario y norma -- Totalidad del ordenamiento jur&#xED;dico y el arbitrio -- Formulas el&#xE1;sticas aplicadas por normas generales o por norma individuales -- La f&#xF3;rmula el&#xE1;stica expresada, la construida y la explicitada -- Leyes de competencia y normas de competencia -- Fines de conducta y regla de especialidad -- Competencia y regla de especialidad -- Ubicaci&#xF3;n del contenido dogmatico de finalidad en la norma -- Estado de derecho y legalidad de la administraci&#xF3;n -- Racionabilidad y valoraci&#xF3;n jur&#xED;dica -- Las sanciones contra el &#xF3;rgano administrativo -- El deber de razonabilidad a cargo de la administraci&#xF3;n en la Rep&#xFA;blica Argentina -- Arbitrio administrativo ordinario y su ejercicio razonable e irrazonable -- Arbitrio extraordinario y su ejercicio razonable e irrazonable  -- Relaci&#xF3;n entre las formulas de razonabilidad y de finalidad -- El acto administrativo con mero fundamento de razonabilidad -- Arbitrio administrativo y pol&#xED;tica -- Recapitulaci&#xF3;n y genero pr&#xF3;ximo. </subfield>
  </datafield>
  <datafield tag="650" ind1=" " ind2=" ">
    <subfield code="a">DERECHO ADMINISTRATIVO</subfield>
    <subfield code="9">211</subfield>
  </datafield>
  <datafield tag="650" ind1=" " ind2="0">
    <subfield code="a">ACTO ADMINISTRATIVO</subfield>
    <subfield code="9">1171</subfield>
  </datafield>
  <datafield tag="942" ind1=" " ind2=" ">
    <subfield code="c">LIB</subfield>
    <subfield code="2">udc</subfield>
    <subfield code="h">351.9</subfield>
    <subfield code="i">LIN</subfield>
  </datafield>
  <datafield tag="999" ind1=" " ind2=" ">
    <subfield code="c">21</subfield>
    <subfield code="d">21</subfield>
  </datafield>
  <datafield tag="952" ind1=" " ind2=" ">
    <subfield code="0">0</subfield>
    <subfield code="1">0</subfield>
    <subfield code="2">udc</subfield>
    <subfield code="4">0</subfield>
    <subfield code="7">0</subfield>
    <subfield code="a">DJS</subfield>
    <subfield code="b">DJS</subfield>
    <subfield code="d">2018-02-26</subfield>
    <subfield code="l">1</subfield>
    <subfield code="o">342.9 LIN</subfield>
    <subfield code="p">3840</subfield>
    <subfield code="r">2022-09-27</subfield>
    <subfield code="s">2022-09-21</subfield>
    <subfield code="w">2018-02-26</subfield>
    <subfield code="y">LIB</subfield>
  </datafield>
</record>
